| 000 | 00380nam a2200145Ia 4500 | ||
|---|---|---|---|
| 008 | 210210b1956 xxu||||| |||| 00| 0 eng d | ||
| 082 | _a737.4 REIC | ||
| 100 | _aREINFELD (Fred). | ||
| 245 | _aCatalogue of the world's most popular coins. | ||
| 260 |
_aNew York. _bGarden City., _c1956 |
||
| 300 | _a416 | ||
| 650 | _aCoins Catalogue | ||
| 690 | _aNumismatics | ||
| 906 | _a030979 | ||
| 999 |
_c82077 _d82077 |
||